000 00872nam a2200217Ia 4500
999 _c38521
_d38521
001 4622
003 GE_BSU
005 20190515200632.0
008 181216s1998||||ge |||||||||||||| ||geo||
040 _cGE_BSU
041 _ageo
080 _a629.35(075.8) ა–14
100 _aაბაშიძე,ინდიკო
_91204
245 _aსამრგოლიანი ავტომატარებლები /
_cინდიკო აბაშიძე ; რედ : იბრაიმ დიდმანიძე.
264 _aბათუმი :
_bაჭარა,
_c1998.
300 _a106 გვ . ;
_c20 სმ.
504 _aბიბლიოგრ.:გვ.106
653 _aსამრგოლიანი ავტომატარებლები
700 _aდიდმანიძე, იბრაიმ
_91168
942 _cBK
_2udc